000 00734nam a2200217Ii 4500
003 JO-AjNU
008 230605s9999||||xx |||||||||||||| ||und||
017 _a1997/3/250
040 _aJO-AjNU
_bara
_erda
_cJO-AjNU
041 _aara
050 1 4 _aHD30.23.M37.1997
100 3 _aمشرقي، حسن علي,
_eauthor
_941626
245 0 0 _aنظرية القرارات الادارية:مدخل كمي في الادارة
250 _aط1
264 3 1 _aعمان:دار المسيرة للنشر والتوزيع والطباعة،1997
300 _a378ص
336 _atext
_btxt
_2rdacontent
337 _aunmediated
_bn
_2rdamedia
338 _avolume
_bnc
_2rdacarrier
650 4 _aادارة-اتخاذ القرارات
_941627
999 _aA17761
_c21329
_d21329